Acción y vida interior (Record no. 81555)

MARC details
000 -LEADER
campo de control de longitud fija 00685nam a2200193 i 4500
001 - NÚMERO DE CONTROL
campo de control 81555
003 - IDENTIFICADOR DE NÚMERO DE CONTROL
campo de control ES-MaACL
005 - FECHA Y HORA DE LA ÚLTIMA TRANSACCIÓN
campo de control 20250817040628.0
007 - CAMPO FIJO DE DESCRIPCIÓN FÍSICA--INFORMACIÓN GENERAL
campo de control de longitud fija t|
008 - DATOS DE LONGITUD FIJA--INFORMACIÓN GENERAL
campo de control de longitud fija 041105s1966 sp ||||1| spa d
100 1# - ENTRADA PRINCIPAL--NOMBRE DE PERSONA
Nombre de persona Huguet, Jean.
9 (RLIN) 64643
245 10 - MENCIÓN DEL TÍTULO
Título Acción y vida interior
Resto del título : la unidad de la vida espiritual y de la vida apostólica según San Pablo /
Mención de responsabilidad, etc. Jean Huguet ; prefacio de S.E. Mons. Ancel ; [traducido por M.T. Vernet].
260 ## - PUBLICACIÓN, DISTRIBUCIÓN, ETC.
Lugar de publicación, distribución, etc. Barcelona :
Nombre del editor, distribuidor, etc. Eler,
Fecha de publicación, distribución, etc. [1966]
300 ## - DESCRIPCIÓN FÍSICA
Extensión 126 p. ;
Dimensiones 19 cm.
700 1# - ENTRADA AGREGADA--NOMBRE PERSONAL
Nombre de persona Vernet, María Teresa,
Fechas asociadas al nombre 1907-1974
9 (RLIN) 114173
700 1# - ENTRADA AGREGADA--NOMBRE PERSONAL
Nombre de persona Ancel, Alfred.
9 (RLIN) 148331
852 ## - LOCALIZACIÓN
Ubicación ES-MaACL
Número de control de estantería C-31692
Sublocalización o colección R.62159
Holdings
Estatus retirado Estado de pérdida Estado de daño No para préstamo Biblioteca de origen Biblioteca actual Ubicación en estantería Fecha de adquisición Fuente de adquisición Total de préstamos Signatura topográfica completa Código de barras Visto por última vez Precio de reemplazo Tipo de ítem Koha
        Biblioteca del Ateneo de Madrid Biblioteca del Ateneo de Madrid Depósito 2 17/01/2008     C-31692 1085250 23/02/2023 23/02/2023 Libro impreso